Synonym Unscrambler #3 - Statistics

General Stats
  • This quiz has been taken 9 times
  • The average score is 3 of 11
Answer Stats
Hint Answer % Correct
Well-being Health
67%
Towering High
67%
Charm Delight
44%
9-Letter Word Headlight
33%
Nimble Agile
22%
Sorbet Gelati
22%
Glissade Glide
22%
Plan Idea
22%
Particular Detail
11%
Enlarge Dilate
11%
Interlocked Ligated
0%
No matching quizzes found
Score Distribution
Percent of People with Each Score
Percentile by Number Answered
Your Score History
You have not taken this quiz